00770 2200253 4500001002100000005001700021008004100038020002200079035002400101040001200125041000800137082001700145084001700162090002100179100003300200245012300233250001100356260003500367300003800402650002600440650001600466850001200482990002200494INLIS00000000003319020180129155607.0  a978-602-9276-84-8 0010-011800000000335 aYOPDYOG0 aind042[23]a011.31 a011.31 Abd K aDEP 011.31 Abd K0 aABDUL AZIZ SUKARNAWADId, H.0 aKertas-kertas berdawat emasb: mengenal lebih dari 250 kitab langka ahlusunnah wal jamaahc/ H. Abdul Aziz Sukarnawadi aCet. 1 aYogyakartabSamudra Biruc2016 aviii, 258 hlm.b: ilus.c; 20 cm. 4aAhlusunnah wal jamaah 4aBuku langka aYOPDYOG aCB-D.11/2016-2590